Action of metaldehyde on the slug argiolimax reticulatus (Muller) (Record no. 45930)

MARC details
000 -LEADER
fixed length control field 00335nam a2200121Ia 4500
100 ## - MAIN ENTRY--AUTHOR NAME
Personal name Cragg J B
245 #0 - TITLE STATEMENT
Title Action of metaldehyde on the slug argiolimax reticulatus (Muller)
260 ## - PUBLICATION, DISTRIBUTION, ETC. (IMPRINT)
Name of publisher Annals of Applied Biology
Year of publication 1952
300 ## - PHYSICAL DESCRIPTION
Number of Pages 392-406
700 ## - ADDED ENTRY--PERSONAL NAME
Personal name Vincent M H
942 ## - ADDED ENTRY ELEMENTS (KOHA)
Koha item type Reprints
Holdings
Withdrawn status Lost status Damaged status Not for loan Home library Current library Date acquired Serial Enumeration / chronology Accession Number Koha item type
      Reprints RRII Library RRII Library 22/12/2021 Volume 39, Issue P00033 Reprints